004970000a2200169000450024500840000065000200008465000240010465000090012865000180013765000190015565100300017404100130020470000200021770000210023710000220025877300470028010aDeforestation predicts the number of threatened birds in insular Southeast Asia14aDeforestación14aEspecies en peligro14aAves14aBiodiversidad14aConservación 4lIslas del sureste de Asia0 aInglés1 aPimm, Stuart L.1 aCollar, Nigel J.1 aBrooks, Thomas M.1 tConservation Biologyh2q382-394d1997g11